| 000 | 00505nam a2200157Ia 4500 | ||
|---|---|---|---|
| 008 | 160316s2013 xxu||||| |||| 00| 0 eng d | ||
| 082 |
_a342.085000 _bBHA |
||
| 100 | _aBhat P. Ishwara | ||
| 245 | _aLaw of Waqf as a purposive device for promoting social justice and human rights: A study of Indian experience | ||
| 250 | _a | ||
| 260 |
_a _bInternational Journal of Civil Soceity Law _c2013 |
||
| 300 |
_a33 _b _c |
||
| 365 | _b | ||
| 650 | _a1. Social justice 2. Human Rights 3. Waqf law | ||
| 700 |
_a _a |
||
| 999 |
_c35686 _d35686 |
||